[Event "World Cup 2017"]
[Site "Tbilisi"]
[Date "2017.09.09"]
[Round "17.1"]
[White "Carlsen Magnus (NOR)"]
[Black "Bu Xiangzhi (CHN)"]
[Result "0-1"]
[BlackElo "2710"]
[WhiteElo "2822"]
[LiveChessVersion "1.4.8"]

1. e4 {[%clk 1:30:57]} e5 {[%clk 1:30:51]} 2. Bc4 {[%clk 1:31:14]} Nf6
{[%clk 1:31:09]} 3. d3 {[%clk 1:31:38]} Nc6 {[%clk 1:31:07]} 4. Nf3
{[%clk 1:31:59]} Be7 {[%clk 1:30:37]} 5. O-O {[%clk 1:32:17]} O-O
{[%clk 1:31:02]} 6. Bb3 {[%clk 1:29:32]} d6 {[%clk 1:22:48]} 7. c3
{[%clk 1:29:54]} Be6 {[%clk 1:21:29]} 8. Re1 {[%clk 1:28:18]} Qd7
{[%clk 1:19:32]} 9. Nbd2 {[%clk 1:19:01]} Rab8 {[%clk 0:59:51]} 10. Bc2
{[%clk 1:15:55]} d5 {[%clk 0:53:09]} 11. h3 {[%clk 1:06:57]} h6 {[%clk 0:52:47]}
12. exd5 {[%clk 1:05:53]} Nxd5 {[%clk 0:34:25]} 13. Nxe5 {[%clk 0:50:09]} Nxe5
{[%clk 0:34:51]} 14. Rxe5 {[%clk 0:50:32]} Bd6 {[%clk 0:35:19]} 15. Re1
{[%clk 0:50:31]} Bxh3 {[%clk 0:35:37]} 16. gxh3 {[%clk 0:46:19]} Qxh3
{[%clk 0:35:27]} 17. Nf1 {[%clk 0:36:16]} Rbe8 {[%clk 0:34:55]} 18. d4
{[%clk 0:33:54]} f5 {[%clk 0:34:11]} 19. Bb3 {[%clk 0:18:57]} c6 {[%clk 0:34:18]}
20. f4 {[%clk 0:18:19]} Kh7 {[%clk 0:26:01]} 21. Bxd5 {[%clk 0:15:04]} cxd5
{[%clk 0:26:21]} 22. Re3 {[%clk 0:07:31]} Rxe3 {[%clk 0:26:38]} 23. Bxe3
{[%clk 0:07:59]} g5 {[%clk 0:26:18]} 24. Kf2 {[%clk 0:02:02]} gxf4
{[%clk 0:26:36]} 25. Qf3 {[%clk 0:02:27]} fxe3+ {[%clk 0:23:39]} 26. Nxe3
{[%clk 0:02:56]} Qh2+ {[%clk 0:23:10]} 27. Kf1 {[%clk 0:01:42]} Rg8
{[%clk 0:23:05]} 28. Qxf5+ {[%clk 0:02:06]} Rg6 {[%clk 0:12:13]} 29. Ke1
{[%clk 0:00:37]} h5 {[%clk 0:10:52]} 30. Kd1 {[%clk 0:00:34]} Kh6
{[%clk 0:10:40]} 31. Nc2 {[%clk 0:00:50]} h4 {[%clk 0:09:49]} 32. Ne1
{[%clk 0:00:35]} h3 {[%clk 0:09:25]} 33. Nf3 {[%clk 0:00:58]} Qg2
{[%clk 0:09:44]} 34. Ne1 {[%clk 0:01:13]} Qg4+ {[%clk 0:10:05]} 35. Qxg4
{[%clk 0:01:15]} Rxg4 {[%clk 0:10:34]} 36. Nf3 {[%clk 0:01:44]} Rg1+
{[%clk 0:10:54]} 0-1

[Event "World Cup 2017"]
[Site "Tbilisi"]
[Date "2017.09.09"]
[Round "17.2"]
[White "Vallejo Pons Francisco (ESP)"]
[Black "So Wesley (USA)"]
[Result "0-1"]
[BlackElo "2810"]
[WhiteElo "2717"]
[LiveChessVersion "1.4.8"]

1. e4 {[%clk 1:30:55]} c6 {[%clk 1:30:55]} 2. d4 {[%clk 1:26:52]} d5
{[%clk 1:31:17]} 3. e5 {[%clk 1:26:13]} Bf5 {[%clk 1:31:39]} 4. g4
{[%clk 1:25:49]} Be4 {[%clk 1:24:24]} 5. f3 {[%clk 1:23:42]} Bg6 {[%clk 1:24:49]}
6. h4 {[%clk 1:17:50]} h5 {[%clk 1:20:56]} 7. e6 {[%clk 1:17:14]} Qd6
{[%clk 1:20:55]} 8. exf7+ {[%clk 1:16:12]} Bxf7 {[%clk 1:19:30]} 9. Be3
{[%clk 1:07:57]} hxg4 {[%clk 1:03:31]} 10. fxg4 {[%clk 1:05:19]} Nf6
{[%clk 1:03:58]} 11. Nc3 {[%clk 0:58:06]} Qe6 {[%clk 0:58:49]} 12. Kd2
{[%clk 0:40:15]} Nxg4 {[%clk 0:51:47]} 13. Bg5 {[%clk 0:38:28]} Nf2
{[%clk 0:51:49]} 14. Qf3 {[%clk 0:38:15]} Nxh1 {[%clk 0:50:14]} 15. Qxh1
{[%clk 0:33:31]} Qd6 {[%clk 0:44:46]} 16. Bh3 {[%clk 0:23:21]} e6
{[%clk 0:39:20]} 17. Rf1 {[%clk 0:22:14]} Be7 {[%clk 0:39:17]} 18. Bf4
{[%clk 0:22:00]} Qb4 {[%clk 0:38:07]} 19. Nge2 {[%clk 0:18:02]} Nd7
{[%clk 0:33:05]} 20. a3 {[%clk 0:17:40]} Qxb2 {[%clk 0:31:26]} 21. Rb1
{[%clk 0:13:44]} Qxa3 {[%clk 0:31:50]} 22. Rxb7 {[%clk 0:13:46]} Qa6
{[%clk 0:28:31]} 23. Qb1 {[%clk 0:11:53]} Rxh4 {[%clk 0:24:25]} 24. Bf1
{[%clk 0:11:32]} Rxf4 {[%clk 0:19:34]} 25. Nxf4 {[%clk 0:11:17]} Qa5
{[%clk 0:20:03]} 26. Qe1 {[%clk 0:05:49]} Bg5 {[%clk 0:19:17]} 27. Qg3
{[%clk 0:05:07]} Bh6 {[%clk 0:19:41]} 28. Bd3 {[%clk 0:02:09]} O-O-O
{[%clk 0:13:49]} 29. Rb3 {[%clk 0:01:22]} e5 {[%clk 0:13:53]} 30. dxe5
{[%clk 0:00:46]} d4 {[%clk 0:14:18]} 0-1

[Event "World Cup 2017"]
[Site "Tbilisi"]
[Date "2017.09.09"]
[Round "17.3"]
[White "Caruana Fabiano (USA)"]
[Black "Najer Evgeniy (RUS)"]
[Result "1/2-1/2"]
[BlackElo "2707"]
[WhiteElo "2807"]
[LiveChessVersion "1.4.8"]

1. e4 {[%clk 1:30:57]} e5 {[%clk 1:30:55]} 2. Nf3 {[%clk 1:31:22]} Nc6
{[%clk 1:31:20]} 3. Bb5 {[%clk 1:31:49]} a6 {[%clk 1:31:46]} 4. Ba4
{[%clk 1:32:15]} Nf6 {[%clk 1:32:14]} 5. O-O {[%clk 1:32:38]} Nxe4
{[%clk 1:32:31]} 6. d4 {[%clk 1:33:03]} b5 {[%clk 1:32:29]} 7. Bb3
{[%clk 1:33:28]} d5 {[%clk 1:32:55]} 8. dxe5 {[%clk 1:33:53]} Be6
{[%clk 1:33:21]} 9. Nbd2 {[%clk 1:34:12]} Be7 {[%clk 1:33:08]} 10. c3
{[%clk 1:34:36]} O-O {[%clk 1:33:19]} 11. Bc2 {[%clk 1:33:40]} f5
{[%clk 1:33:10]} 12. Nb3 {[%clk 1:34:00]} Qd7 {[%clk 1:33:26]} 13. Nbd4
{[%clk 1:33:36]} Nxd4 {[%clk 1:33:43]} 14. Nxd4 {[%clk 1:33:53]} c5
{[%clk 1:33:42]} 15. Ne2 {[%clk 1:33:23]} Rad8 {[%clk 1:32:45]} 16. Nf4
{[%clk 1:32:43]} Kh8 {[%clk 1:29:05]} 17. Re1 {[%clk 1:06:45]} Qc6
{[%clk 1:08:14]} 18. Qe2 {[%clk 0:42:02]} 1/2-1/2

[Event "World Cup 2017"]
[Site "Tbilisi"]
[Date "2017.09.09"]
[Round "17.4"]
[White "Ivanchuk Vassily (UKR)"]
[Black "Kramnik Vladimir (RUS)"]
[Result "1/2-1/2"]
[BlackElo "2803"]
[WhiteElo "2728"]
[LiveChessVersion "1.4.8"]

1. c4 {[%clk 1:30:54]} e6 {[%clk 1:30:54]} 2. Nc3 {[%clk 1:31:16]} d5
{[%clk 1:31:18]} 3. cxd5 {[%clk 1:31:38]} exd5 {[%clk 1:31:41]} 4. d4
{[%clk 1:32:06]} c6 {[%clk 1:31:34]} 5. Qc2 {[%clk 1:32:34]} Bd6 {[%clk 1:29:49]}
6. Nf3 {[%clk 1:32:55]} Ne7 {[%clk 1:28:08]} 7. Bg5 {[%clk 1:32:32]} f6
{[%clk 1:14:14]} 8. Bd2 {[%clk 1:23:10]} Na6 {[%clk 1:07:51]} 9. e4
{[%clk 1:13:32]} Nb4 {[%clk 1:05:53]} 10. Qb3 {[%clk 1:13:18]} a5
{[%clk 0:59:33]} 11. a3 {[%clk 1:05:37]} a4 {[%clk 0:52:23]} 12. Qd1
{[%clk 1:04:32]} dxe4 {[%clk 0:52:49]} 13. Nxe4 {[%clk 1:04:49]} Nbd5
{[%clk 0:53:15]} 14. Bc4 {[%clk 1:05:07]} Be6 {[%clk 0:50:33]} 15. O-O
{[%clk 0:58:30]} O-O {[%clk 0:50:42]} 16. Re1 {[%clk 0:43:55]} Bf7
{[%clk 0:50:36]} 17. Nh4 {[%clk 0:43:13]} Kh8 {[%clk 0:41:09]} 18. Qg4
{[%clk 0:36:31]} Bc7 {[%clk 0:34:20]} 19. Nc5 {[%clk 0:31:24]} g5
{[%clk 0:30:40]} 20. Nf3 {[%clk 0:19:54]} h5 {[%clk 0:28:32]} 21. Qe4
{[%clk 0:17:02]} Bg6 {[%clk 0:21:12]} 22. Qe2 {[%clk 0:13:57]} Re8
{[%clk 0:21:16]} 23. Qf1 {[%clk 0:06:12]} Nf5 {[%clk 0:17:41]} 24. Bd3
{[%clk 0:03:37]} b6 {[%clk 0:13:10]} 25. Ne6 {[%clk 0:04:06]} Qd7
{[%clk 0:13:26]} 26. Nxc7 {[%clk 0:04:34]} Qxc7 {[%clk 0:11:21]} 27. Rxe8+
{[%clk 0:04:56]} Rxe8 {[%clk 0:11:48]} 28. Re1 {[%clk 0:05:20]} Qf7
{[%clk 0:08:58]} 29. Rxe8+ {[%clk 0:04:15]} Qxe8 {[%clk 0:09:27]} 30. Qe1
{[%clk 0:04:27]} Qxe1+ {[%clk 0:09:12]} 31. Nxe1 {[%clk 0:04:49]} Kg7
{[%clk 0:09:27]} 32. Bxf5 {[%clk 0:04:54]} Bxf5 {[%clk 0:09:53]} 33. g3
{[%clk 0:04:18]} Kg6 {[%clk 0:06:21]} 34. f3 {[%clk 0:04:12]} 1/2-1/2

[Event "World Cup 2017"]
[Site "Tbilisi"]
[Date "2017.09.09"]
[Round "17.5"]
[White "Aronian Levon (ARM)"]
[Black "Matlakov Maxim (RUS)"]
[Result "1-0"]
[BlackElo "2728"]
[WhiteElo "2799"]
[LiveChessVersion "1.4.8"]

1. c4 {[%clk 1:30:56]} e5 {[%clk 1:30:45]} 2. Nc3 {[%clk 1:31:19]} Nf6
{[%clk 1:30:57]} 3. Nf3 {[%clk 1:31:37]} Nc6 {[%clk 1:31:19]} 4. e3
{[%clk 1:31:57]} Bb4 {[%clk 1:31:15]} 5. Qc2 {[%clk 1:32:19]} Bxc3
{[%clk 1:30:53]} 6. bxc3 {[%clk 1:32:33]} O-O {[%clk 1:28:44]} 7. d3
{[%clk 1:32:15]} d6 {[%clk 1:27:04]} 8. Be2 {[%clk 1:32:23]} Re8 {[%clk 1:21:40]}
9. e4 {[%clk 1:32:33]} Ne7 {[%clk 1:21:04]} 10. Nh4 {[%clk 1:29:53]} Ng6
{[%clk 1:13:37]} 11. Nxg6 {[%clk 1:29:38]} hxg6 {[%clk 1:13:59]} 12. O-O
{[%clk 1:28:43]} c6 {[%clk 1:12:05]} 13. f4 {[%clk 1:27:04]} b5 {[%clk 1:08:53]}
14. cxb5 {[%clk 1:15:37]} cxb5 {[%clk 1:08:51]} 15. h3 {[%clk 1:06:59]} Qb6+
{[%clk 0:57:29]} 16. Kh2 {[%clk 1:06:12]} Be6 {[%clk 0:57:09]} 17. a4
{[%clk 0:51:48]} a6 {[%clk 0:54:02]} 18. Qb2 {[%clk 0:47:23]} Nd7
{[%clk 0:40:51]} 19. Rb1 {[%clk 0:35:30]} Rab8 {[%clk 0:39:57]} 20. axb5
{[%clk 0:31:49]} axb5 {[%clk 0:40:05]} 21. Rf3 {[%clk 0:25:00]} f6
{[%clk 0:24:24]} 22. f5 {[%clk 0:22:04]} gxf5 {[%clk 0:23:22]} 23. exf5
{[%clk 0:21:05]} Bd5 {[%clk 0:23:47]} 24. Rg3 {[%clk 0:21:22]} Re7
{[%clk 0:18:04]} 25. Bh5 {[%clk 0:20:31]} e4 {[%clk 0:13:16]} 26. d4
{[%clk 0:18:56]} Bc4 {[%clk 0:13:14]} 27. Bf4 {[%clk 0:18:04]} Ra8
{[%clk 0:12:18]} 28. Ra1 {[%clk 0:17:39]} Rd8 {[%clk 0:08:18]} 29. Ra3
{[%clk 0:13:53]} Nf8 {[%clk 0:07:55]} 30. Qa1 {[%clk 0:13:25]} Bf7
{[%clk 0:07:46]} 31. Ra6 {[%clk 0:12:33]} Qc7 {[%clk 0:08:10]} 32. Be2
{[%clk 0:12:01]} Bc4 {[%clk 0:08:30]} 33. Bxc4+ {[%clk 0:11:16]} Qxc4
{[%clk 0:08:20]} 34. Rxd6 {[%clk 0:09:55]} Nd7 {[%clk 0:05:41]} 35. Qa7
{[%clk 0:08:22]} Kf7 {[%clk 0:05:39]} 36. Qb7 {[%clk 0:08:20]} Ke8
{[%clk 0:03:59]} 37. Re6 {[%clk 0:06:12]} Rxe6 {[%clk 0:03:39]} 38. fxe6
{[%clk 0:06:37]} Qxe6 {[%clk 0:04:05]} 39. Rxg7 {[%clk 0:07:00]} e3
{[%clk 0:04:19]} 40. Qf3 {[%clk 0:36:56]} 1-0

[Event "World Cup 2017"]
[Site "Tbilisi"]
[Date "2017.09.09"]
[Round "17.8"]
[White "Lenderman Aleksandr (USA)"]
[Black "Vachier-Lagrave Maxime (FRA)"]
[Result "1/2-1/2"]
[BlackElo "2789"]
[WhiteElo "2565"]
[LiveChessVersion "1.4.8"]

1. Nf3 {[%clk 1:30:56]} Nf6 {[%clk 1:30:57]} 2. c4 {[%clk 1:31:19]} c5
{[%clk 1:31:24]} 3. Nc3 {[%clk 1:31:41]} d5 {[%clk 1:31:52]} 4. cxd5
{[%clk 1:32:03]} Nxd5 {[%clk 1:32:19]} 5. e3 {[%clk 1:32:26]} Nxc3
{[%clk 1:32:45]} 6. dxc3 {[%clk 1:32:50]} Qc7 {[%clk 1:33:11]} 7. e4
{[%clk 1:33:10]} Nc6 {[%clk 1:33:35]} 8. Bd3 {[%clk 1:33:31]} Bg4
{[%clk 1:33:06]} 9. h3 {[%clk 1:33:55]} Bh5 {[%clk 1:33:12]} 10. Be2
{[%clk 1:29:34]} e6 {[%clk 1:30:34]} 11. Be3 {[%clk 1:29:00]} Be7
{[%clk 1:29:04]} 12. O-O {[%clk 1:26:48]} O-O {[%clk 1:28:19]} 13. Nd2
{[%clk 1:25:56]} Bxe2 {[%clk 1:24:58]} 14. Qxe2 {[%clk 1:26:19]} Rad8
{[%clk 1:25:23]} 15. f4 {[%clk 1:20:46]} Qd7 {[%clk 1:22:26]} 16. Nb3
{[%clk 1:17:00]} b6 {[%clk 1:21:28]} 17. Rfd1 {[%clk 1:16:44]} Qb7
{[%clk 1:20:48]} 18. Qb5 {[%clk 1:11:47]} Nb8 {[%clk 1:09:49]} 19. Bxc5
{[%clk 0:58:27]} Bxc5+ {[%clk 1:09:26]} 20. Nxc5 {[%clk 0:58:51]} Qa8
{[%clk 1:09:49]} 21. Nd7 {[%clk 0:48:59]} Rxd7 {[%clk 1:09:59]} 22. Rxd7
{[%clk 0:49:21]} a6 {[%clk 1:10:22]} 23. Qd3 {[%clk 0:49:36]} Nxd7
{[%clk 1:10:46]} 24. Qxd7 {[%clk 0:50:02]} Qxe4 {[%clk 1:11:08]} 1/2-1/2

[Event "World Cup 2017"]
[Site "Tbilisi"]
[Date "2017.09.09"]
[Round "17.9"]
[White "Grischuk Alexander (RUS)"]
[Black "Navara David (CZE)"]
[Result "1/2-1/2"]
[BlackElo "2737"]
[WhiteElo "2783"]
[LiveChessVersion "1.4.8"]

1. Nf3 {[%clk 1:29:11]} d5 {[%clk 1:30:43]} 2. d4 {[%clk 1:29:07]} Nf6
{[%clk 1:31:08]} 3. c4 {[%clk 1:29:19]} dxc4 {[%clk 1:31:30]} 4. e3
{[%clk 1:24:35]} e6 {[%clk 1:31:44]} 5. Bxc4 {[%clk 1:24:55]} c5 {[%clk 1:31:28]}
6. O-O {[%clk 1:21:18]} a6 {[%clk 1:31:45]} 7. dxc5 {[%clk 1:16:30]} Qxd1
{[%clk 1:31:56]} 8. Rxd1 {[%clk 1:16:58]} Bxc5 {[%clk 1:32:14]} 9. Be2
{[%clk 1:12:12]} Nbd7 {[%clk 1:26:49]} 10. Nfd2 {[%clk 1:04:28]} b6
{[%clk 1:22:41]} 11. Nb3 {[%clk 0:52:24]} Be7 {[%clk 1:22:45]} 12. f3
{[%clk 0:50:52]} Nc5 {[%clk 1:16:13]} 13. Nd4 {[%clk 0:45:59]} Bb7
{[%clk 1:14:07]} 14. e4 {[%clk 0:45:18]} O-O {[%clk 1:13:56]} 15. Be3
{[%clk 0:41:05]} b5 {[%clk 0:59:43]} 16. Nc3 {[%clk 0:32:50]} g6 {[%clk 0:43:31]}
17. Rac1 {[%clk 0:17:01]} e5 {[%clk 0:40:18]} 18. Nc2 {[%clk 0:16:30]} Rfd8
{[%clk 0:39:51]} 19. Rxd8+ {[%clk 0:11:44]} Rxd8 {[%clk 0:40:04]} 20. Rd1
{[%clk 0:12:04]} Rc8 {[%clk 0:38:15]} 21. Rd2 {[%clk 0:07:29]} Kg7
{[%clk 0:35:59]} 22. Kf1 {[%clk 0:07:21]} b4 {[%clk 0:35:47]} 23. Nd1
{[%clk 0:05:38]} a5 {[%clk 0:29:05]} 24. b3 {[%clk 0:03:28]} a4 {[%clk 0:18:49]}
25. Bxc5 {[%clk 0:03:42]} axb3 {[%clk 0:18:39]} 26. axb3 {[%clk 0:04:06]} Bxc5
{[%clk 0:17:10]} 27. Nb2 {[%clk 0:04:26]} Be7 {[%clk 0:12:36]} 28. Bc4
{[%clk 0:04:26]} Rb8 {[%clk 0:09:58]} 29. Nd3 {[%clk 0:03:45]} Nd7
{[%clk 0:10:02]} 30. Ncxb4 {[%clk 0:02:00]} Nb6 {[%clk 0:10:11]} 31. Bb5
{[%clk 0:01:25]} Nc8 {[%clk 0:08:25]} 32. Bc6 {[%clk 0:00:48]} Bxb4
{[%clk 0:08:02]} 33. Nxb4 {[%clk 0:01:17]} Ne7 {[%clk 0:08:17]} 34. Bxb7
{[%clk 0:01:14]} Rxb7 {[%clk 0:08:41]} 35. Nd3 {[%clk 0:01:38]} Rxb3
{[%clk 0:01:17]} 36. Nxe5 {[%clk 0:02:06]} Rb5 {[%clk 0:00:44]} 37. Nc4
{[%clk 0:00:46]} Rc5 {[%clk 0:00:34]} 38. Rc2 {[%clk 0:00:56]} f5
{[%clk 0:00:55]} 39. Kf2 {[%clk 0:00:47]} Kf6 {[%clk 0:00:59]} 40. Ke3
{[%clk 0:31:02]} Nc6 {[%clk 0:30:40]} 41. Na3 {[%clk 0:29:03]} Rxc2
{[%clk 0:30:57]} 42. Nxc2 {[%clk 0:29:31]} Ne5 {[%clk 0:29:38]} 43. Kd4
{[%clk 0:16:11]} Ke6 {[%clk 0:28:01]} 44. h4 {[%clk 0:07:08]} fxe4
{[%clk 0:13:15]} 45. fxe4 {[%clk 0:07:31]} g5 {[%clk 0:13:33]} 46. hxg5
{[%clk 0:06:07]} Nf7 {[%clk 0:13:57]} 47. Ke3 {[%clk 0:05:58]} Nxg5
{[%clk 0:14:20]} 48. Nd4+ {[%clk 0:06:02]} Kf6 {[%clk 0:14:43]} 49. Kf4
{[%clk 0:06:26]} h6 {[%clk 0:14:34]} 50. e5+ {[%clk 0:05:33]} Kg6
{[%clk 0:14:52]} 51. Nf3 {[%clk 0:03:41]} Ne6+ {[%clk 0:15:17]} 52. Ke4
{[%clk 0:04:10]} Nc7 {[%clk 0:15:13]} 53. Kf4 {[%clk 0:02:22]} Nd5+
{[%clk 0:15:18]} 54. Ke4 {[%clk 0:02:47]} Nc7 {[%clk 0:15:04]} 55. Ne1
{[%clk 0:01:00]} Ne6 {[%clk 0:12:25]} 56. Kd5 {[%clk 0:00:51]} Nf4+
{[%clk 0:09:15]} 57. Kd6 {[%clk 0:01:05]} h5 {[%clk 0:09:11]} 58. e6
{[%clk 0:00:35]} Nxe6 {[%clk 0:09:30]} 59. Kxe6 {[%clk 0:01:03]} Kg5
{[%clk 0:09:53]} 60. Ke5 {[%clk 0:00:50]} Kg4 {[%clk 0:06:04]} 61. Nd3
{[%clk 0:01:18]} h4 {[%clk 0:06:06]} 62. Nf4 {[%clk 0:01:21]} Kg5
{[%clk 0:06:31]} 63. Nd3 {[%clk 0:01:02]} Kg4 {[%clk 0:06:53]} 64. Ke4
{[%clk 0:01:24]} Kg3 {[%clk 0:07:18]} 65. Nf4 {[%clk 0:01:49]} Kg4
{[%clk 0:07:44]} 66. Ke5 {[%clk 0:01:08]} Kg5 {[%clk 0:08:08]} 67. Ke4
{[%clk 0:00:42]} Kg4 {[%clk 0:08:32]} 68. Ng6 {[%clk 0:00:57]} h3
{[%clk 0:08:57]} 69. Ne5+ {[%clk 0:01:23]} Kg3 {[%clk 0:09:21]} 70. gxh3
{[%clk 0:01:49]} Kxh3 1/2-1/2

[Event "World Cup 2017"]
[Site "Tbilisi"]
[Date "2017.09.09"]
[Round "17.12"]
[White "Artemiev Vladislav (RUS)"]
[Black "Dubov Daniil (RUS)"]
[Result "1/2-1/2"]
[BlackElo "2666"]
[WhiteElo "2692"]
[LiveChessVersion "1.4.8"]

1. d4 {[%clk 1:30:40]} Nf6 {[%clk 1:30:51]} 2. Bg5 {[%clk 1:30:15]} d5
{[%clk 1:31:09]} 3. e3 {[%clk 1:29:09]} Bg4 {[%clk 1:31:11]} 4. f3
{[%clk 1:21:22]} Bd7 {[%clk 1:31:29]} 5. Nd2 {[%clk 1:09:31]} c5 {[%clk 1:31:23]}
6. c3 {[%clk 1:09:13]} Nc6 {[%clk 1:31:45]} 7. Bd3 {[%clk 0:58:39]} e5
{[%clk 1:31:23]} 8. Ne2 {[%clk 0:58:57]} Be7 {[%clk 1:30:35]} 9. O-O
{[%clk 0:57:16]} O-O {[%clk 1:30:40]} 10. Kh1 {[%clk 0:46:59]} b6
{[%clk 1:26:55]} 11. Bb5 {[%clk 0:34:19]} Nh5 {[%clk 1:10:14]} 12. Bxe7
{[%clk 0:32:27]} Qxe7 {[%clk 1:10:30]} 13. g4 {[%clk 0:23:22]} Nf6
{[%clk 1:09:10]} 14. Ng3 {[%clk 0:23:47]} g6 {[%clk 1:01:58]} 15. e4
{[%clk 0:18:39]} dxe4 {[%clk 0:55:14]} 16. d5 {[%clk 0:14:14]} Nb8
{[%clk 0:54:28]} 17. Bxd7 {[%clk 0:14:05]} Nbxd7 {[%clk 0:54:44]} 18. g5
{[%clk 0:10:32]} Ne8 {[%clk 0:52:57]} 19. Ndxe4 {[%clk 0:10:56]} f5
{[%clk 0:50:50]} 20. gxf6 {[%clk 0:11:17]} Ndxf6 {[%clk 0:51:08]} 21. d6
{[%clk 0:10:08]} Qe6 {[%clk 0:49:30]} 22. Qb3 {[%clk 0:06:35]} c4
{[%clk 0:47:10]} 23. Qb4 {[%clk 0:04:47]} Rd8 {[%clk 0:44:28]} 24. Rad1
{[%clk 0:04:09]} Nxe4 {[%clk 0:41:49]} 25. Nxe4 {[%clk 0:04:34]} Nf6
{[%clk 0:42:08]} 26. Ng5 {[%clk 0:04:19]} Qc8 {[%clk 0:42:30]} 27. Qb5
{[%clk 0:03:36]} h6 {[%clk 0:42:28]} 28. Ne4 {[%clk 0:02:52]} Qe6
{[%clk 0:42:52]} 29. Rfe1 {[%clk 0:00:56]} Nxe4 {[%clk 0:39:37]} 30. Rxe4
{[%clk 0:01:21]} Rxd6 {[%clk 0:39:58]} 31. Rxd6 {[%clk 0:01:34]} Qxd6
{[%clk 0:40:23]} 32. Qxc4+ {[%clk 0:02:00]} Kg7 {[%clk 0:38:48]} 1/2-1/2

[Event "World Cup 2017"]
[Site "Tbilisi"]
[Date "2017.09.09"]
[Round "17.13"]
[White "Giri Anish (NED)"]
[Black "Sethuraman S.P. (IND)"]
[Result "1/2-1/2"]
[BlackElo "2618"]
[WhiteElo "2772"]
[LiveChessVersion "1.4.8"]

1. e4 {[%clk 1:30:57]} e5 {[%clk 1:30:42]} 2. Nf3 {[%clk 1:31:20]} Nc6
{[%clk 1:31:05]} 3. Bc4 {[%clk 1:31:46]} Bc5 {[%clk 1:31:27]} 4. O-O
{[%clk 1:32:05]} Nf6 {[%clk 1:31:48]} 5. d3 {[%clk 1:32:32]} O-O {[%clk 1:31:53]}
6. c3 {[%clk 1:32:59]} d6 {[%clk 1:28:10]} 7. Re1 {[%clk 1:33:04]} a6
{[%clk 1:21:40]} 8. a4 {[%clk 1:33:13]} h6 {[%clk 1:22:03]} 9. Nbd2
{[%clk 1:31:55]} Re8 {[%clk 1:22:20]} 10. h3 {[%clk 1:28:29]} Be6
{[%clk 1:22:05]} 11. Bxe6 {[%clk 1:28:54]} Rxe6 {[%clk 1:22:31]} 12. b4
{[%clk 1:29:20]} Ba7 {[%clk 1:22:58]} 13. Bb2 {[%clk 1:29:46]} Qd7
{[%clk 1:13:29]} 14. Nf1 {[%clk 1:23:38]} Ree8 {[%clk 1:00:56]} 15. Ng3
{[%clk 1:23:03]} b5 {[%clk 0:58:07]} 16. Qc2 {[%clk 1:14:53]} d5 {[%clk 0:53:40]}
17. Bc1 {[%clk 1:10:32]} Rad8 {[%clk 0:43:23]} 18. Bd2 {[%clk 1:06:32]} dxe4
{[%clk 0:34:58]} 19. dxe4 {[%clk 1:05:50]} Qe6 {[%clk 0:28:59]} 20. Rec1
{[%clk 0:59:03]} Qc4 {[%clk 0:27:39]} 21. Be1 {[%clk 0:58:07]} Bb6
{[%clk 0:26:39]} 22. Nd2 {[%clk 0:54:40]} Qd3 {[%clk 0:27:00]} 23. Qxd3
{[%clk 0:52:20]} Rxd3 {[%clk 0:27:19]} 24. Nf3 {[%clk 0:51:26]} bxa4
{[%clk 0:23:03]} 25. Rxa4 {[%clk 0:39:27]} a5 {[%clk 0:23:16]} 26. Kf1
{[%clk 0:32:20]} axb4 {[%clk 0:22:25]} 27. cxb4 {[%clk 0:32:35]} Nd4
{[%clk 0:20:59]} 28. Nxd4 {[%clk 0:32:33]} Rxd4 {[%clk 0:18:33]} 29. f3
{[%clk 0:32:33]} g6 {[%clk 0:13:46]} 30. Ke2 {[%clk 0:30:14]} Rdd8
{[%clk 0:13:21]} 31. Bd2 {[%clk 0:25:21]} h5 {[%clk 0:13:42]} 32. Bg5
{[%clk 0:25:01]} Rd6 {[%clk 0:12:20]} 33. Bxf6 {[%clk 0:21:06]} Rxf6
{[%clk 0:12:45]} 34. Nf1 {[%clk 0:21:33]} Rd6 {[%clk 0:12:16]} 35. Nd2
{[%clk 0:21:29]} Red8 {[%clk 0:08:50]} 36. Ra2 {[%clk 0:20:01]} Rb8
{[%clk 0:07:13]} 37. Rcc2 {[%clk 0:16:40]} Bd4 {[%clk 0:05:42]} 38. Ra4
{[%clk 0:16:50]} Bb6 {[%clk 0:04:49]} 39. Rca2 {[%clk 0:13:09]} Rc6
{[%clk 0:03:05]} 40. Ra8 {[%clk 0:42:26]} 1/2-1/2

[Event "World Cup 2017"]
[Site "Tbilisi"]
[Date "2017.09.09"]
[Round "17.14"]
[White "Li Chao b (CHN)"]
[Black "Rapport Richard (HUN)"]
[Result "1/2-1/2"]
[BlackElo "2675"]
[WhiteElo "2744"]
[LiveChessVersion "1.4.8"]

1. d4 {[%clk 1:30:54]} Nf6 {[%clk 1:30:29]} 2. c4 {[%clk 1:31:09]} e6
{[%clk 1:30:27]} 3. Nc3 {[%clk 1:31:10]} Bb4 {[%clk 1:30:51]} 4. e3
{[%clk 1:31:30]} c5 {[%clk 1:30:36]} 5. Bd3 {[%clk 1:31:11]} Nc6 {[%clk 1:30:24]}
6. Nf3 {[%clk 1:31:25]} Bxc3+ {[%clk 1:29:50]} 7. bxc3 {[%clk 1:30:28]} d6
{[%clk 1:30:17]} 8. e4 {[%clk 1:22:29]} e5 {[%clk 1:30:15]} 9. d5
{[%clk 1:22:02]} Ne7 {[%clk 1:29:51]} 10. Nd2 {[%clk 1:20:12]} Ng6
{[%clk 1:27:10]} 11. h4 {[%clk 1:13:27]} Bd7 {[%clk 1:19:47]} 12. g3
{[%clk 1:13:00]} Qa5 {[%clk 1:17:24]} 13. Qb3 {[%clk 1:07:36]} Ba4
{[%clk 1:14:11]} 14. Qxb7 {[%clk 1:03:44]} O-O {[%clk 1:13:50]} 15. Qb2
{[%clk 1:03:48]} Rfb8 {[%clk 1:12:39]} 16. Qa3 {[%clk 0:59:43]} Rb6
{[%clk 1:13:00]} 17. O-O {[%clk 0:48:00]} Nf8 {[%clk 1:08:19]} 18. Nf3
{[%clk 0:39:33]} N8d7 {[%clk 1:03:49]} 19. Bg5 {[%clk 0:39:43]} h6
{[%clk 0:47:01]} 20. Bxf6 {[%clk 0:39:42]} Nxf6 {[%clk 0:47:29]} 21. Rfb1
{[%clk 0:39:15]} Ra6 {[%clk 0:42:25]} 22. Nd2 {[%clk 0:37:47]} Bd7
{[%clk 0:36:48]} 23. Qxa5 {[%clk 0:36:00]} Rxa5 {[%clk 0:37:02]} 24. Rb3
{[%clk 0:35:17]} Kf8 {[%clk 0:35:09]} 25. Kf1 {[%clk 0:32:56]} Ke7
{[%clk 0:35:07]} 26. Ke2 {[%clk 0:33:21]} Kd8 {[%clk 0:27:50]} 27. Rb2
{[%clk 0:32:40]} Ra3 {[%clk 0:26:21]} 28. Rc1 {[%clk 0:24:45]} Kc7
{[%clk 0:25:27]} 29. Rcc2 {[%clk 0:22:58]} Bg4+ {[%clk 0:21:16]} 30. f3
{[%clk 0:20:19]} Bd7 {[%clk 0:17:56]} 31. Rb3 {[%clk 0:19:39]} Ra6
{[%clk 0:18:06]} 32. Rcb2 {[%clk 0:19:27]} Rb6 {[%clk 0:18:34]} 33. Rb1
{[%clk 0:17:42]} Ra6 {[%clk 0:17:36]} 34. Rb7+ {[%clk 0:13:49]} Kc8
{[%clk 0:16:56]} 35. R7b2 {[%clk 0:14:14]} Ra3 {[%clk 0:16:43]} 36. Rc2
{[%clk 0:07:01]} Ba4 {[%clk 0:12:07]} 37. Nb3 {[%clk 0:06:53]} Kc7
{[%clk 0:11:58]} 38. Rcb2 {[%clk 0:06:59]} Bd7 {[%clk 0:11:17]} 39. g4
{[%clk 0:02:55]} Rb8 {[%clk 0:06:42]} 40. Na1 {[%clk 0:32:11]} Rb6
{[%clk 0:35:46]} 41. Nc2 {[%clk 0:30:38]} Ra4 {[%clk 0:33:51]} 42. Ne3
{[%clk 0:27:44]} Ra3 {[%clk 0:29:34]} 43. Kd2 {[%clk 0:27:03]} Ng8
{[%clk 0:22:25]} 44. Bc2 {[%clk 0:25:41]} Rxb2 {[%clk 0:22:05]} 45. Rxb2
{[%clk 0:26:10]} Ne7 {[%clk 0:22:15]} 46. h5 {[%clk 0:25:28]} Ng8
{[%clk 0:18:58]} 47. Bb3 {[%clk 0:21:30]} Nf6 {[%clk 0:19:10]} 48. Kd3
{[%clk 0:21:48]} Nh7 {[%clk 0:19:26]} 49. Rb1 {[%clk 0:15:08]} Ng5
{[%clk 0:19:28]} 50. Nc2 {[%clk 0:15:23]} Ra6 {[%clk 0:19:46]} 51. Ke3
{[%clk 0:15:31]} Nh3 {[%clk 0:17:57]} 52. Ne1 {[%clk 0:15:09]} Nf4
{[%clk 0:17:21]} 53. Nd3 {[%clk 0:15:19]} Nxd3 {[%clk 0:17:47]} 54. Kxd3
{[%clk 0:15:44]} f6 {[%clk 0:17:48]} 1/2-1/2